Statistics for Nigerian States and Capitals

Click here to take the quiz!

General Stats

  • This quiz has been taken 96 times
  • The average score is 23 of 36

Answer Stats

StateCapital% Correct
KadunaKaduna
84%
KanoKano
84%
BauchiBauchi
82%
EdoBenin
79%
EnuguEnugu
79%
OyoIbadan
79%
KatsinaKatsina
79%
Awka IbomUyo
79%
AdamawaYola
79%
RiversPort Harcourt
74%
AnambraAwka
71%
GombeGombe
71%
DeltaAsaba
68%
Cross RiverCalabar
68%
ImoOwerri
68%
SokotoSokoto
68%
LagosIkeja
66%
PlateauJos
66%
OgunAbeokuta
63%
KwaraIlorin
63%
BornoMaiduguri
63%
EkitiAdo Ekiti
61%
NasarawaLafia
61%
BenueMakurdi
61%
OndoAkure
58%
KogiLokoja
58%
NigerMinna
58%
AbiaUmuahia
58%
EbonyiAbakaliki
55%
JigawaDutse
55%
TarabaJalingo
53%
BayelsaYenagoa
47%
KebbiBirnin Kebbi
45%
OsunOshogbo
45%
ZamfaraGusau
42%
YobeDamaturu
39%

Score Distribution

Percentile by Number Answered

Percent of People with Each Score

Your Score History

You have not taken this quiz